000
00268nam a22001097a 4500
999
_c
165181
_d
165181
082
_a
_b
100
_a
Vinod Godre
245
_a
Adhunik Prabandh Kavya:
_b
Samvedana Ke Dharatal /
_c
by Vinod Godre.
260
_a
New Delhi:
_b
Vani,
_c
2007.
650
_a
942
_c
BK